书目信息 |
| 题名: |
测量平差实训指导书
|
|
| 作者: | 张慧慧 , 董山 主编 | |
| 分册: | ||
| 出版信息: | 武汉 武汉理工大学出版社 2017.08 |
|
| 页数: | 99页 | |
| 开本: | 26cm | |
| 丛书名: | ||
| 单 册: | ||
| 中图分类: | P207 | |
| 科图分类: | ||
| 主题词: | 测量平差--ce liang ping cha--职业教育--教学参考资料 | |
| 电子资源: | ||
| ISBN: | 978-7-5629-4658-8 | |
| 000 | 00996nam0 2200265 450 | |
| 001 | 96359 | |
| 005 | 20250912161551.33 | |
| 010 | @a978-7-5629-4658-8@dCNY18.00 | |
| 100 | @a20171024d2017 em y0chiy50 ea | |
| 101 | 0 | @achi |
| 102 | @aCN@b420000 | |
| 105 | @aak a 000yy | |
| 106 | @ar | |
| 200 | 1 | @a测量平差实训指导书@Ace liang ping cha shi xun zhi dao shu@f主编张慧慧, 董山 |
| 210 | @a武汉@c武汉理工大学出版社@d2017.08 | |
| 215 | @a99页@c图@d26cm | |
| 300 | @a全国测绘地理信息职业教育教学指导委员会“十三五”推荐教材 | |
| 320 | @a有书目 | |
| 330 | @a本书主要包含测量误差理论, 测量平差方法, 测量平差应用, 误差椭圆等知识点的相应习题, 并且介绍了两种成熟的测量平差应用软件。目的是为了提高学生具体计算数据的能力, 掌握平差的主要计算与精度评定方法。 | |
| 606 | 0 | @a测量平差@Ace liang ping cha@x职业教育@j教学参考资料 |
| 690 | @aP207@v5 | |
| 701 | 0 | @a张慧慧@Azhang hui hui@4主编 |
| 701 | 0 | @a董山@Adong shan@4主编 |
| 801 | 0 | @aCN@c20250909 |
| 905 | @a河南城建学院图书馆@dP207@eZ110-2 | |
| 测量平差实训指导书/主编张慧慧, 董山.-武汉:武汉理工大学出版社,2017.08 |
| 99页:图;26cm |
| 全国测绘地理信息职业教育教学指导委员会“十三五”推荐教材 |
| ISBN 978-7-5629-4658-8:CNY18.00 |
| 本书主要包含测量误差理论, 测量平差方法, 测量平差应用, 误差椭圆等知识点的相应习题, 并且介绍了两种成熟的测量平差应用软件。目的是为了提高学生具体计算数据的能力, 掌握平差的主要计算与精度评定方法。 |
| ● |
| 相关链接 |
|
|
|
正题名:测量平差实训指导书
索取号:P207/Z110-2
 
预约/预借
| 序号 | 登录号 | 条形码 | 馆藏地/架位号 | 状态 | 备注 |
| 1 | 1630856 | 216308564 | 自科库401/401自科库 114排2列2层/ [索取号:P207/Z110-2] | 在馆 |